| 000 | 00773nam a2200253 a 4500 | ||
|---|---|---|---|
| 005 | 20240925065152.0 | ||
| 008 | 040506s2001 es r 000 0 spa d | ||
| 020 | _a8434410265 | ||
| 035 | _aUPN01000133313 | ||
| 049 | _aCG | ||
| 050 | 4 |
_aBF173 _bM3.2 2001 |
|
| 100 | 1 |
_aMarcuse, Herbert, _d1898-1979 _929033 |
|
| 245 | 1 | 0 |
_aEros y civilización / _cHerbert Marcuse ; tr. Juan García Ponce. |
| 250 | _a5a ed. | ||
| 260 |
_aBarcelona, Esp. : _bAriel, _c2001. |
||
| 300 | _a253 p. | ||
| 440 | 0 |
_aAriel ; _v7 |
|
| 534 |
_pTraducción de: _tEros and civilization : a philosophical inquiry into Freud |
||
| 650 | 4 |
_aPsicoanálisis _91572 |
|
| 650 | 4 |
_aPsicología social _95889 |
|
| 650 | 4 |
_aCivilización _99 |
|
| 600 | 1 | 4 |
_aFREUD, SIGMUND, _d1856-1939 |
| 905 | _aLibro | ||
| 999 |
_c105465 _d105465 |
||